000 00324 a2200157 4500
001 163138
020 _a
040 _cMagnum
100 _aBandeira, Pedro
240 1 0 _aA formiga e a pomba
_lpor
245 1 0 _aA formiga e a pomba
362 0 _a1899
440 1 _aModerna
697 _aI/FADAS, FANTASIA
942 _cBK
999 _c163138
_d163138